Primer pulmonalis epitheloid haemangioendothelioma [Primary pulmonary epitheloid haemangioendothelioma]

A 49-year-old female patient was admitted in July 2009 because of cough, weight loss and effort dyspnoe. Chest X-ray and CT showed multiple bilateral nodules which have been identified earlier and these nodules were unchanged. However, there was a new parenchymal lesion in the right upper lobe, and...

Teljes leírás

Elmentve itt :
Bibliográfiai részletek
Szerzők: Pálföldi Regina
Radács Marianna
Csada Edit
Rózsavölgyi Zoltán
Tiszlavicz László
Somfay Attila
Gálfi Márta
Dokumentumtípus: Cikk
Megjelent: 2011
Sorozat:ORVOSI HETILAP 152 No. 21
Tárgyszavak:
doi:10.1556/OH.2011.29099

mtmt:1792018
Online Access:http://publicatio.bibl.u-szeged.hu/29999
LEADER 02093nab a2200289 i 4500
001 publ29999
005 20240327164514.0
008 240327s2011 hu o 0|| hun d
022 |a 0030-6002 
024 7 |a 10.1556/OH.2011.29099  |2 doi 
024 7 |a 1792018  |2 mtmt 
040 |a SZTE Publicatio Repozitórium  |b hun 
041 |a hun 
100 1 |a Pálföldi Regina 
245 1 0 |a Primer pulmonalis epitheloid haemangioendothelioma [Primary pulmonary epitheloid haemangioendothelioma]  |h [elektronikus dokumentum] /  |c  Pálföldi Regina 
260 |c 2011 
300 |a 834-839 
490 0 |a ORVOSI HETILAP  |v 152 No. 21 
520 3 |a A 49-year-old female patient was admitted in July 2009 because of cough, weight loss and effort dyspnoe. Chest X-ray and CT showed multiple bilateral nodules which have been identified earlier and these nodules were unchanged. However, there was a new parenchymal lesion in the right upper lobe, and new right hilar and mediastinal lymphadenomegaly was also found. Sample was taken by bronchoscope and the pathological diagnosis was pulmonary epitheloid haemangioendothelioma. This rare endothelial tumor usually affects middle-aged patients with a female predominance and it presents with chest pain, effort dyspnoe, cough, sputum, or it may remain asymptomatic. Multiple bilateral nodules are usually detected by radiologic examination. The diagnosis of this tumor is often challenging and, because of its rarity, it does not have any standard therapeutic regimen. Treatment can be surgery, chemo-, radio-, hormone- or immunotherapy. In order to find the most effective anticancer treatment, authors performed in vitro studies. On the basis of the results, chemotherapy was initiated which resulted in a partial regression. 
650 4 |a Klinikai orvostan 
700 0 1 |a Radács Marianna  |e aut 
700 0 1 |a Csada Edit  |e aut 
700 0 1 |a Rózsavölgyi Zoltán  |e aut 
700 0 1 |a Tiszlavicz László  |e aut 
700 0 1 |a Somfay Attila  |e aut 
700 0 1 |a Gálfi Márta  |e aut 
856 4 0 |u http://publicatio.bibl.u-szeged.hu/29999/1/650-article-p834.pdf  |z Dokumentum-elérés